| 000 | 00700nam a22002537a 4500 | ||
|---|---|---|---|
| 001 | 2116 | ||
| 005 | 20251127151251.0 | ||
| 020 | _a9781595152688 | ||
| 040 |
_aFISKH _beng _cFISKH _dFISKH |
||
| 050 | _aTA459.W45 | ||
| 082 | _a620.16 | ||
| 100 | _aWhitehouse, Patty | ||
| 245 |
_aMade of metal / _cMarcia S. Freeman Consulting Editor |
||
| 260 |
_bRourke Classroom Resources, _c2004 |
||
| 300 |
_a16 pages : _c19 cm |
||
| 505 | _aO | ||
| 520 | _aExplains About The Many Things Made Of Metal And Why They Are So Useful. | ||
| 521 |
_a690 _bLexile |
||
| 521 |
_aO _bRaz-Plus |
||
| 650 | _aScience | ||
| 650 | _aMetal | ||
| 700 |
_aFreeman, Marcia S. _eConsulting Editor |
||
| 942 |
_2ddc _cBK _n0 |
||
| 999 |
_c2116 _d2116 |
||